Statistics for Video Game Titles: Missing Words (A)

Click here to take the quiz!

General Stats

  • This quiz has been taken 32 times
  • The average score is 6 of 20

Answer Stats

Year ReleasedVideo Game% Correct
2020Sackboy: A Big {Adventure}
87%
2001{Animal} Crossing
78%
2019{Apex} Legends
61%
1997{Ace} Combat 2
52%
2017Nier: {Automata}
48%
2008{Alone} in the Dark
35%
2019Remnant: From the {Ashes}
35%
2009{Afro} Samurai
30%
2008{Army} of Two
26%
2014Broken {Age}
26%
2004Ratchet & Clank: Up Your {Arsenal}
26%
2001Disney's {Atlantis}: The Lost Empire
22%
2002Mortal Kombat: Deadly {Alliance}
22%
2015Prison {Architect}
17%
2015{Axiom} Verge
13%
2012Kingdoms of {Amalur}: Reckoning
13%
2014Awesomenauts {Assemble}!
9%
2020Neon {Abyss}
9%
2000X-Men: Mutant {Academy}
9%
1995Kirby's {Avalanche}
0%

Score Distribution

Percentile by Number Answered

Percent of People with Each Score

Your Score History

You have not taken this quiz